| 000 | 00442 a2200181 4500 | ||
|---|---|---|---|
| 003 | OSt | ||
| 005 | 20230406120445.0 | ||
| 008 | 150922b xxu||||| |||| 00| 0 eng d | ||
| 040 | _c0 | ||
| 082 | _a658 | ||
| 100 | _aRobbins,Stephen P. | ||
| 245 |
_aManagement. _cStephen P.Robbins |
||
| 250 | _a4th. | ||
| 260 |
_aU.S.A _bPrentice Hall,International. _c1994 |
||
| 300 | _a770p. | ||
| 500 | _aPaper cover | ||
| 942 |
_aNBS _cBK _k658 ROB _2ddc |
||
| 999 |
_c349093 _d349093 |
||